Estudios de historiografía americana / (Record no. 61017)

MARC details
000 -LEADER
campo de control de longitud fija 01201nam a2200253 i 4500
001 - NÚMERO DE CONTROL
campo de control 61017
003 - IDENTIFICADOR DE NÚMERO DE CONTROL
campo de control ES-MaACL
005 - FECHA Y HORA DE LA ÚLTIMA TRANSACCIÓN
campo de control 20250730080557.0
007 - CAMPO FIJO DE DESCRIPCIÓN FÍSICA--INFORMACIÓN GENERAL
campo de control de longitud fija t|
008 - DATOS DE LONGITUD FIJA--INFORMACIÓN GENERAL
campo de control de longitud fija 031110s1948 mx ||||1| spa d
245 00 - MENCIÓN DEL TÍTULO
Título Estudios de historiografía americana /
Mención de responsabilidad, etc. por Isabel Gutiérrez del Arroyo ... [et al.] ; en una advertencia de Silvio Zavala.
250 ## - MENCION DE EDICION
Mención de edición [1ª ed.].
260 ## - PUBLICACIÓN, DISTRIBUCIÓN, ETC.
Lugar de publicación, distribución, etc. México :
Nombre del editor, distribuidor, etc. El Colegio de México :
-- Fondo de Cultura Económica,
Fecha de publicación, distribución, etc. [1948] (
Fabricante Gráf. Panamericana)
300 ## - DESCRIPCIÓN FÍSICA
Extensión 485 p. ;
Dimensiones 24 cm.
651 #4 - PUNTO DE ACCESO ADICIONAL DE MATERIA--NOMBRE GEOGRÁFICO
9 (RLIN) 7747
Nombre geográfico América Latina-
Subdivisión general Historia
651 #0 - PUNTO DE ACCESO ADICIONAL DE MATERIA--NOMBRE GEOGRÁFICO
9 (RLIN) 215901
Nombre geográfico América Latina-
Subdivisión de forma Historiografía
700 1# - ENTRADA AGREGADA--NOMBRE PERSONAL
Nombre de persona Gutiérrez del Arroyo, Isabel.
9 (RLIN) 61131
700 1# - ENTRADA AGREGADA--NOMBRE PERSONAL
Nombre de persona Zavala, Silvio,
Fechas asociadas al nombre 1909-2014
9 (RLIN) 118108
852 ## - LOCALIZACIÓN
Ubicación ES-MaACL
Número de control de estantería D-6529
Sublocalización o colección R.30212
-- R.M. 6120
itemnumber 63338
Ubicación en estantería Sala Valle Inclán
Marcas de propiedad Sello en tinta azul de la Biblioteca del Ateneo de Madrid
Anotaciones manuscritas Anotación manuscrita en cubierta: "63/30"
Nota libre En cubierta: "11. NOV. 1950"
-- Etiqueta en hoja de guarda: "AFRODISIO AGUADO S.A MAS ALLÁ"
942 ## - ELEMENTOS DE ENTRADA SECUNDARIOS (KOHA)
Fuente del sistema de clasificación o colocación Clasificación decimal universal
Tipo de ítem Koha Libro impreso
Holdings
Estatus retirado Estado de pérdida Estado de daño No para préstamo Biblioteca de origen Biblioteca actual Ubicación en estantería Fecha de adquisición Fuente de adquisición Total de préstamos Signatura topográfica completa Código de barras Visto por última vez Precio de reemplazo Tipo de ítem Koha
        Biblioteca del Ateneo de Madrid Biblioteca del Ateneo de Madrid Sala Valle Inclán 17/01/2008     D-6529 901063985 23/02/2023 23/02/2023 Libro impreso